000 00597nam a22001937a 4500
005 20251108173148.0
008 250721s1998 xx 000 0 ara d
082 1 4 _a210.947/ قاس
100 1 _aالقاسم، محمود بن عبد الرؤوف
_eمؤلف
245 1 0 _aقتلوا من المسلمين مئات الملايين ...! /
264 1 _aعمان :
_bمكتبة الاقصى،
_c1998.
300 _a112ص.
650 1 7 _aالإسلام
650 1 7 _aالمسلمون
650 1 7 _aروسيا
650 1 7 _aالظروف السياسية
942 _2ddc
_cBK
999 _c97475
_d97475